| 000 | 00330nam a2200097Ia 4500 | ||
|---|---|---|---|
| 005 | 20250424112834.0 | ||
| 008 | 250424s9999 xx 000 0 und d | ||
| 300 | _avii, 11218 p. :ill. ; 24 cm. | ||
| 650 | _aWomen--Nigeria--Periodicals. Women--Africa--Periodicals. Sex discrimination against women--Africa--Periodicals. | ||
| 942 | _cSR | ||
| 999 |
_c37428 _d37428 |
||